City and City fringe (Record no. 77772)
[ view plain ]
| 000 -LEADER | |
|---|---|
| fixed length control field | 00995cab a2200229 4500 |
| 001 - CONTROL NUMBER | |
| control field | ##L135048 |
| 008 - FIXED-LENGTH DATA ELEMENTS--GENERAL INFORMATION | |
| fixed length control field | 060921n2006 000 0 eng u |
| 035 ## - SYSTEM CONTROL NUMBER | |
| System control number | (Sirsi) u135048 |
| 041 0# - LANGUAGE CODE | |
| Language code of text/sound track or separate title | eng |
| 100 1# - MAIN ENTRY--PERSONAL NAME | |
| Personal name | Barrett, Claer |
| 245 00 - TITLE STATEMENT | |
| Title | City and City fringe |
| 260 ## - PUBLICATION, DISTRIBUTION, ETC. | |
| Date of publication, distribution, etc. | 2006 |
| 490 #0 - SERIES STATEMENT | |
| Series statement | Property Week |
| Volume/sequential designation | 71(37) 15 September 2006, 75-91(9) |
| 520 ## - SUMMARY, ETC. | |
| Summary, etc. | Reports on the proposed Foster and Partners-designed mixed use development at Hammerson's Northgate site in Hackney; discusses the increasing activity of American investors in the area; examines how demand for space from big occupiers is pushing up rents and looks at the way in which the increasing profile of Spitalfields is making it an increasingly desirable location for retailers. Tables. |
| 590 ## - LOCAL NOTE (RLIN) | |
| Local note | IKA031006 |
| 651 #4 - SUBJECT ADDED ENTRY--GEOGRAPHIC NAME | |
| Geographic name | CITY OF LONDON |
| 651 #4 - SUBJECT ADDED ENTRY--GEOGRAPHIC NAME | |
| Geographic name | CITY OF LONDON FRINGES |
| 690 ## - LOCAL SUBJECT ADDED ENTRY--TOPICAL TERM (OCLC, RLIN) | |
| Topical term or geographic name as entry element | PROPERTY-COMMERCIAL PROPERTY-COMMERCIAL PROPERTY MARKET |
| 700 1# - ADDED ENTRY--PERSONAL NAME | |
| Personal name | Thomas, Daniel |
| 700 1# - ADDED ENTRY--PERSONAL NAME | |
| Personal name | Benzine, Adam |
| 942 ## - ADDED ENTRY ELEMENTS (KOHA) | |
| Suppress in OPAC | 0 |
| Withdrawn status | Lost status | Source of classification or shelving scheme | Damaged status | Not for loan | Home library | Current library | Shelving location | Date acquired | Total Checkouts | Full call number | Barcode | Date last seen | Copy number | Price effective from | Koha item type |
|---|---|---|---|---|---|---|---|---|---|---|---|---|---|---|---|
| Dewey Decimal Classification | London | London | Journal article | 21/09/2006 | L135048 | 135048-1001 | 06/08/2019 | 1 | 06/08/2019 | Journal article |